00240nam a2200097 a 450000500170000000800410001705000180005824500400007665000130011665000130012920140414093828.0030502s19uu xx 00 eng d aVHS 500bR 04 aVideo 25 Geology, Video 29 Physics. aGeology. aPhysics.